000 01249cam a22003854a 4500
001 muse84066
003 MdBmJHUP
005 20210127151711.0
006 m o d
007 cr||||||||nn|n
008 191024s2020 riu o 00 0 eng d
010 _z 2019953435
020 _a9781946527141
020 _z9781946527158
020 _z9781946527424
035 _a(OCoLC)1154507034
040 _aMdBmJHUP
_cMdBmJHUP
100 1 _aAbusch, I. Tzvi,
_eauthor.
245 1 0 _aBabylonian Witchcraft Literature: Case Studies
_cI. Tzvi Abusch.
250 _aSecond edition.
264 1 _bScholars Press,
264 3 _bProject MUSE,
300 _a1 online resource (pages cm)
490 0 _aBrown judaic studies;
_v132
506 0 _aOpen Access
_fUnrestricted online access
_2star
588 _aDescription based on print version record.
655 7 _aElectronic books.
_2local
710 2 _aProject Muse.
_edistributor
830 0 _aBook collections on Project MUSE.
856 4 0 _zFull text available:
_uhttps://muse.jhu.edu/book/75478/
999 _c26694
_d26694